| 000 | 00667cam a22002291a 4500 | ||
|---|---|---|---|
| 001 | 25490 | ||
| 003 | BD-RjUL | ||
| 005 | 20211209050904.0 | ||
| 008 | 140318t1941 enk 000 0 eng u | ||
| 035 | _a(BD-RjUL)25560 | ||
| 040 |
_cOUN _dOCL _dEQO _dBD-RUL _aBD-RjUL _beng |
||
| 041 | _aeng | ||
| 082 | 0 | 4 |
_a949.65 _bROA 1941 |
| 100 | 1 |
_aRobinson, Vandeleur. _978401 |
|
| 245 | 1 | 0 |
_aAlbania's road to freedom / _cby Vandeleur Robinson. |
| 260 |
_aLondon : _bG. Allen & Unwin ltd, _c1941. |
||
| 300 |
_a135 p. : _bill. (map) plates, 2 ports. (incl. front.) ; _c24 cm. |
||
| 651 | 0 |
_aAlbania. _978402 |
|
| 942 |
_2ddc _cBK |
||
| 999 |
_c25490 _d25490 |
||